Veinticinco años al servicio de mi querida Pontevedra / (Registro nro. 78943)

Detalles MARC
000 -LEADER
campo de control de longitud fija 00462nam a2200157 i 4500
001 - NÚMERO DE CONTROL
campo de control 78943
003 - IDENTIFICADOR DE NÚMERO DE CONTROL
campo de control ES-MaACL
005 - FECHA Y HORA DE LA ÚLTIMA TRANSACCIÓN
campo de control 20230906173847.0
007 - CAMPO FIJO DE DESCRIPCIÓN FÍSICA--INFORMACIÓN GENERAL
campo de control de longitud fija t|
008 - DATOS DE LONGITUD FIJA--INFORMACIÓN GENERAL
campo de control de longitud fija 041018s1964 sp ||||1| spa d
100 1# - ENTRADA PRINCIPAL--NOMBRE DE PERSONA
Nombre de persona Hereder Sollar, Antonio.
9 (RLIN) 62681
245 10 - MENCIÓN DEL TÍTULO
Título Veinticinco años al servicio de mi querida Pontevedra /
Mención de responsabilidad, etc. Antonio Hereder Solla.
260 ## - PUBLICACIÓN, DISTRIBUCIÓN, ETC.
Lugar de publicación, distribución, etc. Pontevedra :
Nombre del editor, distribuidor, etc. [s.n.,
Fecha de publicación, distribución, etc. 1964]
300 ## - DESCRIPCIÓN FÍSICA
Extensión 17 p. ;
Dimensiones 24 cm.
852 ## - LOCALIZACIÓN
Ubicación ES-MaACL
Número de control de estantería 2037-F-18
Sublocalización o colección R.53870
Existencias
Estatus retirado Estado de pérdida Estado de daño No para préstamo Colección Biblioteca de origen Biblioteca actual Ubicación en estantería Fecha de adquisición Fuente de adquisición Total de préstamos Signatura topográfica completa Código de barras Visto por última vez Precio de reemplazo Tipo de ítem Koha
        Colección de folletos Biblioteca del Ateneo de Madrid Biblioteca del Ateneo de Madrid Depósito folletos 17/01/2008     2037-F-18 1082558 23/02/2023 23/02/2023 Folleto